Série Française qui ont le plus durées - Statistiques

Statistiques générales
  • Ce quiz a été pris 91 fois
  • Le résultat moyen est 3 sur 11
Statistiques - réponses
Hint Réponse % Correct
18 ans Plus belle la vie
87%
22 ans Julie Lescaut
38%
28 ans Joséphine Ange Gardien
37%
18 ans Navarro
33%
32 ans Commissaire Moulin
23%
12 ans Sous le soleil
20%
26 ans Une famille formidable
16%
16 ans Louis la brocante
13%
12 ans Avocats et Associés
4%
23 ans Les Enquêtes du commissaire Maigret
0%
8 ans RIS Police Scientifique
0%
Aucun quiz correspondant
Distribution des résultats
% des personnes avec chaque résultat
Percentile par nombre de réponses
Votre historique - résultats
Vous n’avez pas pris ce quiz